Realities of free trade

Сохранить в:
Библиографические подробности
Главный автор: Burn, Duncan
Формат:
Язык:Undetermined
Опубликовано: London George Allen & Unwin Ltd. 1972
Предметы:
Метки: Добавить метку
Нет меток, Требуется 1-ая метка записи!
Thư viện lưu trữ: Trung tâm Học liệu Trường Đại học Cần Thơ
LEADER 00491nam a2200169Ia 4500
001 CTU_79607
008 210402s9999 xx 000 0 und d
082 |a 382.45 
082 |b B963 
100 |a Burn, Duncan 
245 0 |a Realities of free trade 
245 0 |c Duncan Burn, Barbara Epstein, Harry G. Johnson 
260 |a London 
260 |b George Allen & Unwin Ltd. 
260 |c 1972 
650 |a Chemical industry,Free trade 
980 |a Trung tâm Học liệu Trường Đại học Cần Thơ